000 00420nam a2200157 i 4500
001 87868
003 ES-MaACL
005 20230906175744.0
007 t|
008 041227s1964 sp ||||1| spa d
100 1 _aLacaza, Cristina.
_969348
245 1 0 _aCon el sudor alzado /
_cCristina Lacaza.
260 _aMadrid :
_bAgora,
_c[1964] (
_f[Orbe])
300 _a78 p. ;
_c17 cm.
852 _aES-MaACL
_jC-25538
_bR.53647
999 _c87868
_d87868